Príjem a metabolizmus dusíka v rastline

Salvato in:
Dettagli Bibliografici
Autore principale: Kubicová, Zdenka (Autore)
Natura: Libro
Lingua:slovacco
Pubblicazione: Bratislava : Výskumný ústav pôdoznalectva a ochrany pôdy, 1999
Soggetti:
Tags: Aggiungi Tag
Nessun Tag, puoi essere il primo ad aggiungerne!!

MARC

LEADER 00000nam a22000003a 4500
001 stu101880
005 20150617225822.2
008 060104s1999----xo------------------slo-d
020 |a 80-85361-54-X 
040 |a STU  |b slo 
041 0 |a slo 
044 |a xo 
080 |a 631.4 
100 1 |a Kubicová, Zdenka  |4 aut 
245 1 |a Príjem a metabolizmus dusíka v rastline 
260 |a Bratislava :  |b Výskumný ústav pôdoznalectva a ochrany pôdy,  |c 1999 
300 |a 89 s 
650 7 |a pôdoznalectvo  |2 stusub 
996 |b 284M063927  |c M*B-404  |l MMKN  |s A  |a 24  |w stu101880_0001